| 000 | 01707cam a22005054a 4500 | ||
|---|---|---|---|
| 001 | 55390 | ||
| 005 | 20230410103854.0 | ||
| 008 | 040910s2004 fr b b 001 0 fre | ||
| 010 | _a 2004459364 | ||
| 035 | _a(OCoLC)ocm58452332 | ||
| 040 |
_aDLC _cDLC _dTZT _dLVB _dRLINP |
||
| 019 | _a56531135 | ||
| 020 | _a2200267541 | ||
| 020 | _a9782200267544 | ||
| 029 | 1 |
_aTZT _bJTL00142417 |
|
| 029 | 1 |
_aNLGGC _b27392026X |
|
| 035 |
_a(OCoLC)58452332 _z(OCoLC)56531135 |
||
| 042 | _apcc | ||
| 043 |
_aa-iq--- _an-us--- |
||
| 050 | 1 | 4 |
_a414 DS 79.76 _bA887 2004 |
| 082 | 0 | 0 | _a320 |
| 049 | _aGRAL | ||
| 245 | 0 | 0 |
_aAu risque du chaos : _blecons politiques et strategiques de la guerre d'Irak / _csous la direction de Joseph Henrotin. |
| 260 |
_aParis : _bA. Colin, _cc2004. |
||
| 300 |
_a288 p. : _bmap ; _c23 cm. |
||
| 490 | 1 | _aCollection "Intervention" | |
| 504 | _aIncludes bibliographical references and index. | ||
| 650 | 0 | _aIraq War, 2003- | |
| 651 | 0 |
_aIraq _xStrategic aspects. |
|
| 650 | 0 |
_aGeopolitics _zUnited States. |
|
| 650 | 0 |
_aGeopolitics _zEurope. |
|
| 653 |
_aGeopolitics _aStrategy _a2nd Iraqi War _a21st Century |
||
| 650 | 6 | _aGuerre en Irak, 2003- | |
| 650 | 6 |
_aPolitique mondiale _y21e siáecle. |
|
| 650 | 7 |
_aGuerre d'Irak (2003) _2ram |
|
| 650 | 7 |
_aRelations internationales. _2ram |
|
| 651 | 7 |
_aIrak _xPolitique et gouvernement. _2ram |
|
| 700 | 1 | _aHenrotin, Joseph. | |
| 830 | 0 | _aCollection "Intervention" (Armand Colin (Firm)) | |
| 938 |
_aJean Touzot Libraire Editeur _bTOUZ _nJTL00142417 _c20 EUR |
||
| 856 | 4 | 2 |
_3Más?... busque en WorldCat (solo desde FUNGLODE) _uwww.firstsearch.oclc.org/fsip |
| 942 |
_2lcc _cbk |
||
| 946 | _amfcruz | ||
| 994 |
_aC0 _bDRFGD |
||
| 999 |
_c27469 _d27469 |
||